00350pab a2200133 454500008004000000100002100040245004900061260000900110300001400119362000800133650002500141700002200166773002800188180718b2009 xxu||||| |||| 00| 0 eng d aHeemskerk, Eelke aNetwork dynamics of the Dutch business elite c2009 ap.807-32. aNov aCorporate governance aFennema, Meindert aInternational Sociology